000
00195 a2200097 4500
001
8394
090
_c
6764
_d
6764
100
_a
Wilson, R
245
_a
Four essayists (Transfered to SOA)
260
_b
Nelson
942
_a
NUST-CAE
999
_c
243467
_d
243467